Culture Générale - Série 2570 - Statistiques

Statistiques générales
  • Ce quiz a été pris 123 fois
  • Le résultat moyen est 5 sur 10
Statistiques - réponses
Question Réponse % Correct
Quel est le prénom commun aux actrices Efira et Ledoyen ? Virginie
89%
Dans la Bible, quel est le nom du géant tué par David d'une pierre de fronde ? Goliath
83%
Anglicisme qui désigne l'ennui de toutes choses, une mélancolie profonde, voire un certain dégoût de la vie - Poème de Baudelaire spleen
78%
Quel est le pays d'origine de Sylvie Vartan ? voir photo Bulgarie
57%
Quel reptile est appelé « serpent à lunettes » ? naja
54%
Discourir, parler d'une manière prétentieuse, avec emphase - 7 lettres commençant par " p " pérorer
29%
Quelle île bretonne a une superficie de 85 km2 ? Belle-Île
28%
Quel fleuve traverse la ville espagnole de Tolède ? Tage
27%
Petit poisson de mer dont la taille varie entre 10 et 20 cm, très apprécié en friture ? éperlan
18%
Taquiner (une femme) de manière érotique - synonyme de "peloter" - 7 lettres commençant par " l " lutiner
14%
Aucun quiz correspondant
Distribution des résultats
% des personnes avec chaque résultat
Percentile par nombre de réponses
Votre historique - résultats
Vous n’avez pas pris ce quiz